Movies Quiz

Random Movies or Box Office Quiz

Billion Dollar Movies Quiz Stats

 Plays Quiz Updated Jul 31, 2018

Challenge
Share
Tweet
Embed
Score 0/36 Timer 08:00
0 Plays Today
Year Movie % Correct
1997Titanic
92.5%
2009Avatar
87.8%
2018Avengers: Infinity War
70.7%
2018Black Panther
67%
2008The Dark Knight
63.2%
2015Star Wars: Episode VII - The Force Awakens
61.3%
2017Star Wars: Episode VIII - The Last Jedi
60.4%
2015Avengers: Age of Ultron
57.3%
2012Marvel's The Avengers
56%
2016Captain America: Civil War
48.7%
2013Iron Man 3
48.5%
2012The Dark Knight Rises
46.5%
2015Jurassic World
44%
2018Incredibles 2
41.2%
2016Rogue One: A Star Wars Story
38.2%
1993Jurassic Park
35.3%
2016Finding Dory
33.5%
2013Frozen
32.4%
Year Movie % Correct
2010Toy Story 3
30.9%
2018Jurassic World: Fallen Kingdom
29.9%
2017Beauty and the Beast
29.2%
2011Harry Potter and the Deathly Hallows Part 2
28.6%
2003The Lord of the Rings: The Return of the King
26.9%
2017The Fate of the Furious
26.3%
2017Despicable Me 3
23.9%
2015Minions
20.9%
2015Furious 7
20.5%
2016Zootopia
19.9%
2014Transformers: Age of Extinction
19.2%
2012The Hobbit: An Unexpected Journey
18.8%
2012Skyfall
16%
1999Star Wars: Episode I - The Phantom Menace
15.7%
2011Transformers: Dark of the Moon
12.8%
2006Pirates of the Caribbean: Dead Man's Chest
12%
2011Pirates of the Caribbean: On Stranger Tides
8.4%
2010Alice in Wonderland
6.9%

You're not logged in!

Compare scores with friends on all Sporcle quizzes.
Join for Free
OR
Log In

You Might Also Like...

Show Comments

Extras

Top Quizzes Today


Score Distribution

Your Account Isn't Verified!

In order to create a playlist on Sporcle, you need to verify the email address you used during registration. Go to your Sporcle Settings to finish the process.

Report this User

Report this user for behavior that violates our Community Guidelines.

Details: